Alle deutschen Fußballvereine bis Liga 4 (2023/2024) - Statistiken

Allgemein
  • Dieses Quiz wurde 188 mal gespielt
    94 seit der letzten Aktualisierung
  • Das Durchschnittsergebnis liegt bei 61 aus 146
Antwortstatistiken
Liga Verein % Korrekt
1.Bundesliga Borussia Dortmund
93%
1.Bundesliga Bayern München
88%
1.Bundesliga Borussia Mönchengladbach
87%
1.Bundesliga Bayer Leverkusen
85%
1.Bundesliga Union Berlin
85%
1.Bundesliga Eintracht Frankfurt
82%
1.Bundesliga RB Leipzig
82%
1.Bundesliga SC Freiburg
81%
1.Bundesliga VfB Stuttgart
81%
1.Bundesliga VfL Bochum
81%
2.Bundesliga 1.FC Kaiserslautern
79%
2.Bundesliga Hamburger SV
79%
2.Bundesliga Hertha BSC
78%
2.Bundesliga FC Schalke 04
75%
2.Bundesliga FC St.Pauli
75%
1.Bundesliga FSV Mainz 05
75%
1.Bundesliga TSG Hoffenheim
75%
1.Bundesliga VfL Wolfsburg
75%
3.Liga Dynamo Dresden
73%
2.Bundesliga Hannover 96
73%
2.Bundesliga Holstein Kiel
72%
1.Bundesliga Werder Bremen
72%
1.Bundesliga 1.FC Köln
70%
3.Liga Arminia Bielefeld
70%
1.Bundesliga FC Augsburg
70%
2.Bundesliga Hansa Rostock
69%
1.Bundesliga SV Darmstadt 98
69%
1.Bundesliga 1.FC Heidenheim
67%
2.Bundesliga Fortuna Düsseldorf
67%
2.Bundesliga Eintracht Braunschweig
66%
RL-NordOst Energie Cottbus
66%
3.Liga Rot-Weiss Essen
66%
2.Bundesliga 1.FC Nürnberg
64%
2.Bundesliga Greuther Fürth
63%
2.Bundesliga 1.FC Magdeburg
61%
3.Liga Jahn Regensburg
61%
3.Liga Preußen Münster
60%
2.Bundesliga SC Paderborn
60%
3.Liga TSV 1860 München
60%
3.Liga Waldhof Mannheim
60%
3.Liga MSV Duisburg
58%
3.Liga VfB Lübeck
58%
2.Bundesliga VfL Osnabrück
58%
2.Bundesliga Wehen Wiesbaden
58%
3.Liga 1.FC Saarbrücken
57%
RL-NordOst Carl Zeiss Jena
57%
2.Bundesliga Karlsruher SC
57%
RL-West Alemannia Aachen
55%
3.Liga SSV Ulm
55%
2.Bundesliga SV Elversberg
55%
RL-NordOst Chemie Leipzig
54%
RL-NordOst Rot-Weiss Erfurt
54%
RL-West Fortuna Köln
52%
3.Liga Hallescher FC
52%
3.Liga SV Sandhausen
52%
3.Liga Viktoria Köln
51%
3.Liga Borussia Dortmund 2
49%
3.Liga Erzgebirge Aue
49%
RL-Nord Hannover 96 2
49%
3.Liga SpVgg Unterhaching
49%
RL-SüdWest VfB Stuttgart 2
48%
RL-Bayern Bayern München 2
46%
RL-SüdWest Stuttgarter Kickers
46%
RL-Bayern Würzburger Kickers
46%
3.Liga FC Ingolstadt
45%
RL-NordOst Chemnitzer FC
43%
RL-SüdWest Kickers Offenbach
43%
RL-West Rot-Weiss Oberhausen
43%
RL-NordOst Lokomotive Leipzig
42%
RL-NordOst FSV Zwickau
40%
RL-Nord Hamburger SV 2
40%
RL-NordOst Hertha BSC 2
40%
3.Liga SC Freiburg 2
40%
RL-NordOst BFC Dynamo
39%
3.Liga SC Verl
39%
RL-Nord SV Meppen
39%
RL-NordOst Viktoria Berlin
39%
RL-SüdWest TSG Hoffenheim 2
37%
RL-Bayern 1.FC Nürnberg 2
36%
RL-West FC Schalke 04 2
36%
RL-Nord VfB Oldenburg
36%
RL-West Wuppertaler SV
36%
RL-West Borussia Mönchengladbach 2
34%
RL-SüdWest FSV Frankfurt
34%
RL-SüdWest VfR Aalen
34%
RL-West 1.FC Köln 2
33%
RL-Bayern Greuther Fürth 2
33%
RL-SüdWest Hessen Kassel
31%
RL-SüdWest Eintracht Frankfurt 2
30%
RL-Bayern FC Augsburg 2
30%
RL-Nord Holstein Kiel 2
30%
RL-Nord FC St.Pauli 2
28%
RL-Bayern SpVgg Bayreuth
28%
RL-Bayern 1.FC Schweinfurt
27%
RL-West Fortuna Düsseldorf 2
27%
RL-NordOst Hansa Rostock 2
27%
RL-NordOst SV Babelsberg
27%
RL-Nord Weiche Flensburg
27%
RL-Nord Eintracht Norderstedt
25%
RL-NordOst Greifswalder FC
25%
RL-Nord Phönix Lübeck
25%
RL-Nord TSV Havelse
25%
RL-SüdWest TuS Koblenz
25%
RL-West FC Gütersloh
24%
RL-SüdWest FC Homburg
24%
RL-West Rot Weiss Ahlen
24%
RL-West SC Paderborn 2
24%
RL-SüdWest FSV Mainz 05 2
22%
RL-Bayern Türkgücü München
22%
RL-West 1.FC Düren
21%
RL-NordOst Berliner AK
21%
RL-NordOst FSV Luckenwalde
21%
RL-Nord Bremer SV
19%
RL-Nord Teutonia Ottensen
19%
RL-NordOst VSG Altglienicke
18%
RL-NordOst ZFC Meuselwitz
18%
RL-West 1.FC Bocholt
16%
RL-NordOst FC Eilenburg
16%
RL-Nord SV Drochtersen/Assel
16%
RL-Nord Blau-Weiss Lohne
15%
RL-West SV Rödinghausen
15%
RL-Bayern Wacker Burghausen
15%
RL-Nord SSV Jeddeloh
13%
RL-Nord Kilia Kiel
12%
RL-West SC Wiedenbrück
12%
RL-Bayern Viktoria Aschaffenburg
12%
RL-Bayern FV Illertissen
10%
RL-Nord SC Spelle-Venhaus
10%
RL-Bayern SpVgg Ansbach
10%
RL-Bayern TSV Aubstadt
10%
RL-Bayern DJK Vilzing
9%
RL-Bayern FC Memmingen
9%
RL-SüdWest SG Barockstadt Fulda-Lehnerz
9%
RL-SüdWest SGV Freiberg
9%
RL-West SV Lippstadt
9%
RL-SüdWest TSG Balingen
9%
RL-SüdWest Bahlinger SC
7%
RL-SüdWest FC-Astoria Walldorf
7%
RL-Bayern FC Eintracht Bamberg
6%
RL-Bayern TSV Buchbach
6%
RL-SüdWest TSV Schott Mainz
6%
RL-SüdWest TSV Steinbach Haiger
6%
RL-West FC Wegberg-Beeck
4%
RL-Nord Eimsbüttler TV
3%
RL-Bayern SV Schalding-Heining
3%
RL-West SSVg Velbert
1%
Keine übereinstimmenden Quizze gefunden
Verteilung der Resultate
Anzahl Personen mit jedem Resultat
Perzentil nach korrekt beantworteten Fragen
Ihre Resultats-Entwicklung
Sie haben dieses Quiz seit der letzten Aktualisierung nicht gespielt